Villes de Finlande - Mort Subite - Statistiques

Statistiques générales
  • Ce quiz a été pris 166 fois
  • Le résultat moyen est 8 sur 25
Answers on the Grid
Answers color-coded by a green-red scale on the quiz's grid according to % correct below.
Helsinki
Espoo
Joensuu
Oulu
Turku
Tampere
Vaasa
Vantaa
Jyväskylä
Lahti
Pori
Kuopio
Lappeenranta
Rovaniemi
Mikkeli
Kokkola
Hämeenlinna
Kotka
Salo
Porvoo
Kajaani
Nokia
Valkeakoski
Saukkokangas
Hyvinkää
Kovalainen
Volvo
Pääski
Pielijoski
Oppola
Kummavuopio
Tartu
Riga
Hrodna
Suwalki
Katmandu
 
Statistiques - réponses
Réponse % Correct
Helsinki
72%
Tampere
59%
Espoo
50%
Lahti
50%
Oulu
50%
Turku
50%
Rovaniemi
46%
Jyväskylä
40%
Vaasa
40%
Vantaa
36%
Hämeenlinna
34%
Kuopio
32%
Porvoo
30%
Hyvinkää
29%
Pori
28%
Lappeenranta
25%
Mikkeli
23%
Kokkola
22%
Joensuu
20%
Nokia
18%
Kajaani
17%
Salo
17%
Valkeakoski
17%
Kotka
16%
Saukkokangas
7%
Aucun quiz correspondant
Distribution des résultats
% des personnes avec chaque résultat
Percentile par nombre de réponses
Votre historique - résultats
Vous n’avez pas pris ce quiz